00545nam a2200133Ia 4500008004100000082002100041100001900062245003100081260002900112650012300141942000900264952011900273999001900392211119s9999||||xx |||||||||||||| ||und|| a894.812 3bSIV-V aSivakumar, V P 0aV P Sivakumarinte Kathakal bDC BooksaKottayamc1995 aLiterature & rhetoricv Literatures of other languagesAltaic, Uralic, Hyperborean & Dravidian MalayalamxGeneral Stack cBOOK 00102ddc4070aSBCLbSBCLc2d2021-11-19g90.00o894.8123 SIV-Vp00133669r2021-11-19 00:00:00w2021-11-19yBOOK c120180d120180